000 00280 a2200133 4500
001 195002
040 _cMagnum
100 _aCarrasco, Walcyr
240 1 0 _aA corrente da vida
_lpor
245 1 0 _aA corrente da vida
300 _a58
697 _aLITERATURA JUVENIL
942 _cBK
999 _c195002
_d195002